Представление документа в формате MARC21

Поле Инд. ПП Название Значение
Тип записи a
Библиографический уровень m
001 Контрольный номер RU/IS/BASE/498756497
005 Дата корректировки 20260605110654.4
020 a ISBN 978-5-394-04343-7
080 a Индекс УДК 620.2(075.8)
080 a Индекс УДК 005.935.3(075.8)
090 a Полочн. индекс 620.2
x Авторский знак Р 18
097 b Оператор *Ольга*
100 1_ a Автор Райкова Е.Ю.
245 10 a Заглавие Теоретические основы товароведения и экспертизы
b Продолж. заглавия учебник для вузов по направлениям подгот. "Товароведение" и "Торговое дело" (квалификация-бакалавр)
b Продолж. заглавия в составе учебно-методического комплекса
260 a Место издания Москва
b Издательство Дашков и К
c Дата издания 2024
440 _0 a Серия Учебные издания для бакалавров
440 _0 a Серия УМК-У
516 8_ a Прим. о типе комп. файла/ данных Текст : электронный
a Прим. о типе комп. файла/ данных Режим доступа: по подписке
a Прим. о типе комп. файла/ данных Дата обращения: 07.07.2022
520 0_ a Аннотация В учебнике изложены теоретические основы товароведения и экспертизы. Даны сведения о классификации и ассортименте товаров. Подробно рассмотрены основные категории товароведения: потребительная стоимость, потребности, потребительские свойства, показатели качества, уровень качества, контроль качества. Особое внимание уделено методам определения показателей качества. Представлен порядок проведения экспертизы товаров. Все вопросы рассмотрены с учетом современного подхода к проблемам и целям товароведения, а также в соответствии с программой подготовки бакалавров. Для студентов бакалавриата, обучающихся по направлениям подготовки «Товароведение» и «Торговое дело», а также слушателей институтов повышения квалификации и работников коммерческих структур, профессиональная деятельность которых осуществляется в сфере товарного обращения и оценочной деятельности.
535 1_ a Хранилище ЭБС Лань
535 1_ a Хранилище ЭБС Университетская библиотека онлайн
583 a Действие Приписка : УМК
653 0_ a Ключевые слова Ассортимент товаров
a Ключевые слова Качество товаров
a Ключевые слова Классификация товаров
a Ключевые слова Кодирование товаров
a Ключевые слова Оценочная деятельность
a Ключевые слова Потребительские свойства товаров
a Ключевые слова Правовое регулирование
a Ключевые слова Товароведение
a Ключевые слова Экспертиза товаров
773 18 w Контрольный № источника 7139e65dd9664182b91d548154fa751d
856 40 u URL https://e.lanbook.com/book/229823
u URL https://biblioclub.ru/index.php?page=book&id=710160
901 t Тип документа m
905 a Дата создания записи 28.06.22
c Дата приписки 05.06.26